Calciatori militanti con più presenze in Coppa Italia - Statistics

Statistiche generali
  • Questo quiz è stato fatto 9 volte
  • Il punteggio medio è 6 su 10
Statistiche sulle risposte
Presenza Nazione Periodo Squadre (presenze) Calciatori % Corretto
28 Italia 2008-2014, 2016- Juventus (1); Siena (2); Genoa (1); Torino (1); Lazio (23) Ciro Immobile
88%
35 Colombia 2009-2015, 2015- Udinese (4); Fiorentina (8); Juventus (23) Juan Cuadrado
88%
32 Argentina 2012- Palermo (4); Juventus (24); Roma (3) Paulo Dybala
88%
30 Brasile 2015- Juventus (30) Alex Sandro
75%
34 Italia 2007-2009, 2009- Atalanta (5); Milan (17); Fiorentina (12) Giacomo Bonaventura
63%
41 Italia 2005- Lazio (14); Fiorentina (7); Sampdoria (5); Torino (10); Bologna (5) Lorenzo De Silvestri
63%
39 Italia 2004- Ternana (2); Udinese (5); Livorno (3); Juventus (1); Parma (2); Cesena (3); Lazio (10); Inter (7); Sampdoria (5); Salernitana (1) Antonio Candreva
50%
29 Italia 2010-2015, 2016- Juve Stabia (1); Cittadella (3); Chievo (1); Pescara (2); Fiorentina (19); Inter (3) Cristiano Biraghi
50%
31 Italia 2012- Roma (1); Sampdoria (1); Milan (24); Lazio (5) Alessio Romagnoli
38%
29 Italia 2005-2010, 2011-2021, 2023- Parma (8); Atalanta (9); Napoli (1); Sampdoria (3); Cagliari (4); Crotone (1); Reggiana (3) Luca Cigarini
13%
Nessun quiz corrispondente trovato
Distribuzione punteggi
Percentuale di utenti per punteggio
Percentile per numero di risposta
I tuoi punteggi nel tempo
Non hai fatto questo quiz